Slovenský súdny systém a daňová problematika

Súdny prieskum daňových rozhodnutí. Štruktúra slovenských daňových orgánov. Daňové právne predpisy. Súdne mechanizmy použiteľné na ochranu daňových práv daňových subjektov. Procesné záruky zákonnosti daňových rozhodnutí. Pozitívne, ale aj negatívne postrehy z oblasti správneho súdnictva v oblasti da...

Descrizione completa

Salvato in:
Dettagli Bibliografici
Autore principale: Gavalec, Miroslav
Altri autori: Gavalcová, Katarína
Natura: Capitolo di libro
Lingua:slovacco
Soggetti:
Tags: Aggiungi Tag
Nessun Tag, puoi essere il primo ad aggiungerne!!

MARC

LEADER 00000naa$a2200000$$$4500
001 0078295
005 20231127094908.9
041 0 |a slo 
044 |a SK 
245 1 0 |a Slovenský súdny systém a daňová problematika  |c Miroslav Gavalec, Katarína Gavalcová 
520 |a Súdny prieskum daňových rozhodnutí. Štruktúra slovenských daňových orgánov. Daňové právne predpisy. Súdne mechanizmy použiteľné na ochranu daňových práv daňových subjektov. Procesné záruky zákonnosti daňových rozhodnutí. Pozitívne, ale aj negatívne postrehy z oblasti správneho súdnictva v oblasti daní. 
610 2 0 |a právo správne 
610 2 0 |a právo hospodárske 
610 2 0 |a dane 
610 2 0 |a orgány finančné 
610 2 0 |a predpisy právne 
610 2 0 |a poplatky správne 
100 1 |a Gavalec, Miroslav 
700 1 |a Gavalcová, Katarína